| 000 | 00918cam a22002655a 4500 | ||
|---|---|---|---|
| 001 | 18334651 | ||
| 005 | 20151215114706.0 | ||
| 008 | 141014t2015 caua frb 001 0 eng d | ||
| 010 | _a 2014954000 | ||
| 020 | _a9780128014127 | ||
| 040 |
_aDLC _beng _cDLC _dEG-ScBUE |
||
| 082 | 0 | 4 |
_a332.64524 _bSCH _222 |
| 100 | 1 |
_aScharfman, Jason A., _d1978- _938912 |
|
| 245 | 1 | 0 |
_aHedge fund governance : _bevaluating oversight, independence, and conflicts / _cJason Scharfman. |
| 260 |
_aSan Diego ; _aOxford : _bAcademic Press / Elsevier, _cc.2015. |
||
| 300 |
_axviii, 368 : _bill. ; _c23 cm. |
||
| 500 | _aIndex : p. 357-368. | ||
| 504 | _aIncludes bibliographical references. | ||
| 650 | 0 |
_aHedge funds _xEvaluation. _2BUEsh |
|
| 650 | 7 |
_aHedge funds _xLaw and legislation. _2BUEsh _938914 |
|
| 650 | 0 |
_aHedge funds _xManagement. _2BUEsh |
|
| 651 | _2BUEsh | ||
| 653 |
_bBUSADM _cDecember2015 |
||
| 942 |
_2ddc _k332.64524 SCH |
||
| 999 |
_c21114 _d21086 |
||